| 000 | 00860nam a2200229Ii 4500 | ||
|---|---|---|---|
| 003 | JO-AjNU | ||
| 008 | 230605s9999||||xx |||||||||||||| ||und|| | ||
| 017 | _a1999/5685 | ||
| 020 | _a977-5682-36-3 | ||
| 040 |
_aJO-AjNU _bara _erda _cJO-AjNU |
||
| 041 | _aara | ||
| 050 | 1 | 4 | _aHC79.C7. K342 1999 |
| 100 | 3 |
_aالكفراوي، عوف محمود, _eauthor _932187 |
|
| 245 | 0 | 0 | _aتكاليف الانتاج والتسعير في الاسلام |
| 250 | _aط2 مزيدة ومنقحة | ||
| 264 | 3 | 1 | _aالاسكندرية: مركز الاسكندرية للكتاب،1999 |
| 300 |
_a319ص _bيحتوي على ببلوغرافية من 297-319ص |
||
| 336 |
_atext _btxt _2rdacontent |
||
| 337 |
_aunmediated _bn _2rdamedia |
||
| 338 |
_avolume _bnc _2rdacarrier |
||
| 650 | 4 |
_a محاسبة التكاليف - الاقتصاد الإسلامي _932188 |
|
| 999 |
_aA12964 _c16532 _d16532 |
||